000 00353nam a2200145 i 4500
001 bg
100 1 _aLAWRINENKO, W. Ju.
245 0 _aSprawocnik po poluprowodnikowym priboram /
_cW.Ju. Lawrinenko.
250 _aWyd.6 niezm.
260 _aKiew,
_c1971.
040 _cBPK
041 _apol
942 _cKS
008 s pl f |000 0 pol
999 _c14908
_d14908
856 _uhttp://koha.tu.koszalin.pl/cgi-bin/koha/opac-detail.pl?biblionumber=14908
_yKatalog online BPK